Normal view
MARC view
- Representative government and representation
Entry Topical Term
001 - CONTROL NUMBER
- control field: 15367
003 - CONTROL NUMBER IDENTIFIER
- control field: OSt
005 - DATE AND TIME OF LATEST TRANSACTION
- control field: 20260205142033.0
008 - FIXED-LENGTH DATA ELEMENTS
- fixed length control field: 260205|| aca||aabn | a|a d
040 ## - CATALOGING SOURCE
- Original cataloging agency: OSt
- Transcribing agency: OSt
150 ## - HEADING--TOPICAL TERM
- Topical term or geographic name entry element: Representative government and representation
- Geographic subdivision: Chile
670 ## - SOURCE DATA FOUND
- Source citation: Work cat.: (OSt)6064: From dictatorship to democracy :, c1991.